Countries and Capitals With J - Statistics

General Stats
  • This quiz has been taken 86 times
  • The average score is 14 of 23
Answer Stats
Hint Answer % Correct
Asia Jordan
94%
North America Jamaica
92%
Asia Japan
90%
Asia Jakarta
78%
Oceania Fiji
75%
Africa Djibouti
72%
Africa Djibouti
72%
Asia Jerusalem
72%
Africa Juba
72%
Europe Ljubljana
63%
Asia Tajikistan
60%
Africa Abuja
58%
Asia Azerbaijan
57%
Europe Reykjavík
54%
North America Saint John's
50%
Europe Sarajevo
50%
North America San José
47%
Africa Banjul
43%
Asia Beijing
43%
Europe Skopje
43%
Oceania Majuro
40%
Africa N'Djamena
38%
Asia Sri Jayawardenepura Kotte
31%
No matching quizzes found
Score Distribution
Percent of People with Each Score
Percentile by Number Answered
Your Score History
You have not taken this quiz